[Event "Plzen, FSB A"]
[Site "?"]
[Date "2004.??.??"]
[Round "5.46"]
[White "Vojir jr., V."]
[Black "Cvikl, M."]
[Result "0-1"]
[WhiteElo "1863"]
[BlackElo "2056"]
[PlyCount "80"]
[EventDate "2004.??.??"]
[Source "ChessBase"]
[SourceDate "1996.11.15"]

1. d4 Nf6 2. Bf4 c5 3. e3 Qb6 4. b3 g6 5. h3 Bg7 6. Nf3 d6 7. c3 O-O 8. Be2 Na6
9. O-O Bd7 10. Nbd2 Nd5 11. Nc4 Qd8 12. Qd2 Nxf4 13. exf4 b5 14. Ne3 Bc6 15. a4
Nc7 16. d5 Bd7 17. Ra2 bxa4 18. bxa4 Rb8 19. Rc1 Rb7 20. Bc4 Qa8 21. Qd3 Rfb8
22. f5 Rb2 23. Raa1 R8b7 24. fxg6 hxg6 25. Nd1 Bf5 26. Qe3 Rb1 27. Nh4 Rxc1 28.
Rxc1 Bd7 29. Qxe7 Ne8 30. Qe2 Bxa4 31. Nf3 a5 32. Nd2 Kf8 33. Ne4 Re7 34. Qf3
Re5 35. Ne3 Bd7 36. Qf4 Qd8 37. h4 Qe7 38. Ng5 Kg8 39. Nf3 Re4 40. Qg3 Rxe3 0-1

[Event "Plzen, FSB A"]
[Site "?"]
[Date "2004.??.??"]
[Round "5.47"]
[White "Vinklarek, O."]
[Black "Svoboda, J."]
[Result "1/2-1/2"]
[WhiteElo "2044"]
[BlackElo "1769"]
[PlyCount "70"]
[EventDate "2004.??.??"]
[Source "ChessBase"]
[SourceDate "1996.11.15"]

1. e4 d6 2. d4 Nf6 3. Nc3 g6 4. Be3 Bg7 5. Qd2 c6 6. Bh6 O-O 7. h4 e5 8. d5
Bxh6 9. Qxh6 Qb6 10. Qc1 h5 11. Be2 cxd5 12. Nxd5 Nxd5 13. exd5 Bf5 14. c3 Nd7
15. Nf3 Nf6 16. Qd2 Ne4 17. Qe3 Qxb2 18. O-O Qxc3 19. Qh6 Qc7 20. Bd3 f6 21.
Rfe1 Nc5 22. Bxf5 gxf5 23. Qg6+ Qg7 24. Qxf5 Qg4 25. Qc2 Kh8 26. Re3 Rg8 27. g3
Rac8 28. Qd2 Rc7 29. Rae1 Ne4 30. Rxe4 Qxf3 31. Rb4 Rcg7 32. Kh2 Kh7 33. Qc2+
Kh8 34. Qd2 Kh7 35. Qc2+ Kh8 1/2-1/2

[Event "Plzen, FSB A"]
[Site "?"]
[Date "2004.??.??"]
[Round "5.48"]
[White "Steinhauser, D."]
[Black "Goldobin, T."]
[Result "1/2-1/2"]
[WhiteElo "1753"]
[BlackElo "2027"]
[PlyCount "41"]
[EventDate "2004.??.??"]
[Source "ChessBase"]
[SourceDate "1996.11.15"]

1. e4 c6 2. d4 d5 3. exd5 cxd5 4. c4 Nf6 5. Nc3 Nc6 6. Nf3 Bg4 7. cxd5 Nxd5 8.
Qb3 Bxf3 9. gxf3 Nb6 10. Be3 e6 11. Rd1 Bb4 12. Bb5 Nd5 13. Ke2 Bxc3 14. bxc3
O-O 15. Rhg1 Nxe3 16. fxe3 Qh4 17. Rg2 Ne7 18. Bd3 b6 19. Rdg1 g6 20. Qc2 f5
21. Qb3 1/2-1/2

[Event "Plzen, FSB A"]
[Site "?"]
[Date "2004.??.??"]
[Round "5.49"]
[White "Petera, L."]
[Black "Zimmer, C."]
[Result "1-0"]
[WhiteElo "1851"]
[BlackElo "2020"]
[PlyCount "67"]
[EventDate "2004.??.??"]
[Source "ChessBase"]
[SourceDate "1996.11.15"]

1. e4 d5 2. exd5 Nf6 3. Nf3 Nxd5 4. Be2 g6 5. d4 Bg7 6. c3 O-O 7. O-O Nc6 8.
Bg5 b6 9. Nbd2 Bb7 10. Ne4 h6 11. Bd2 e6 12. Qc1 Kh7 13. Ng3 Nf6 14. h4 Ng4 15.
h5 Nf6 16. Qc2 Nd5 17. Bd3 f5 18. hxg6+ Kxg6 19. Rfe1 Qf6 20. Nxf5 exf5 21.
Bxf5+ Kf7 22. Be6+ Qxe6 23. Rxe6 Kxe6 24. Qg6+ Bf6 25. c4 Nde7 26. d5+ Kd6 27.
Qg3+ Be5 28. Nxe5 Nxe5 29. Bb4+ Kd7 30. Bxe7 Nf3+ 31. Kh1 Rfe8 32. d6 Nd2 33.
Qg4+ Kc6 34. Qd4 1-0

[Event "Plzen, FSB A"]
[Site "?"]
[Date "2004.??.??"]
[Round "5.50"]
[White "Vojir sr., V."]
[Black "van Himbergen, H."]
[Result "1/2-1/2"]
[WhiteElo "1721"]
[BlackElo "1996"]
[PlyCount "54"]
[EventDate "2004.??.??"]
[Source "ChessBase"]
[SourceDate "1996.11.15"]

1. d4 c5 2. d5 e6 3. e4 exd5 4. exd5 d6 5. Nf3 Nf6 6. Be2 g6 7. b3 Bg7 8. Bb2
O-O 9. O-O a6 10. a4 b6 11. c4 Nbd7 12. Nbd2 Bb7 13. Qc2 Qc7 14. Bd3 Ne5 15.
Nxe5 dxe5 16. Rfe1 Rae8 17. Re2 Nh5 18. g3 f5 19. f3 Re7 20. Rae1 Rfe8 21. Qb1
Bc8 22. Qa1 Qd6 23. Kg2 Bf6 24. Kg1 Bd7 25. Nf1 Bg7 26. Bc2 Bc8 27. Bc3 Bf6
1/2-1/2

[Event "Plzen, FSB A"]
[Site "?"]
[Date "2004.??.??"]
[Round "5.51"]
[White "Voglova, E."]
[Black "Rakous, P."]
[Result "0-1"]
[WhiteElo "1988"]
[BlackElo "1716"]
[PlyCount "88"]
[EventDate "2004.??.??"]
[Source "ChessBase"]
[SourceDate "1996.11.15"]

1. d4 Nf6 2. Nf3 c5 3. g3 cxd4 4. Nxd4 Nc6 5. Bg2 Qb6 6. e3 e5 7. Nb3 d6 8. O-O
Bg4 9. Qe1 Be6 10. N1d2 Be7 11. Qe2 d5 12. c3 O-O 13. e4 Rfe8 14. exd5 Bxd5 15.
Bxd5 Nxd5 16. Ne4 Rac8 17. Bg5 f6 18. Bd2 a5 19. Qc4 Ncb4 20. Qe2 Na6 21. Rab1
a4 22. Na1 Red8 23. Nc2 Qc6 24. f3 Nc5 25. Rfd1 b5 26. Nf2 Ne6 27. Kg2 h5 28.
Nd3 Qc4 29. Nc1 Qc6 30. Nd3 h4 31. a3 Qd7 32. Nf2 Bc5 33. Ne3 Ndf4+ 34. gxf4
Nxf4+ 35. Kf1 Nxe2 36. Kxe2 Qa7 37. Nfg4 Rd7 38. Rg1 Qb6 39. Nh6+ Kh7 40. Nhg4
f5 41. Bc1 fxg4 42. Rxg4 Bxe3 43. Bxe3 Qd6 44. Rbg1 Qd3+ 0-1

[Event "Plzen, FSB A"]
[Site "?"]
[Date "2004.??.??"]
[Round "5.52"]
[White "Sladek, J."]
[Black "Kovarik, J."]
[Result "1-0"]
[WhiteElo "2042"]
[BlackElo "1959"]
[PlyCount "97"]
[EventDate "2004.??.??"]
[Source "ChessBase"]
[SourceDate "1996.11.15"]

1. e4 g6 2. d4 Bg7 3. Nf3 d6 4. h3 Nf6 5. Nc3 c5 6. dxc5 Qa5 7. Bd3 Qxc5 8. O-O
O-O 9. Be3 Qa5 10. Qd2 Re8 11. a3 Bd7 12. Rad1 Nc6 13. Bc4 Ne5 14. Nxe5 dxe5
15. Nd5 Qxd2 16. Nxf6+ Bxf6 17. Rxd2 Bc6 18. Bd5 Bxd5 19. Rxd5 e6 20. Rd7 b6
21. c4 Red8 22. Rfd1 Kf8 23. Kf1 Ke8 24. Rxd8+ Rxd8 25. Rxd8+ Bxd8 26. Ke2 Kd7
27. c5 Kc6 28. cxb6 Bxb6 29. Bxb6 axb6 30. Kd3 h5 31. g4 hxg4 32. hxg4 f5 33.
f3 Kc5 34. Kc3 Kb5 35. b3 Kc5 36. a4 Kd6 37. Kc4 Kc6 38. b4 g5 39. b5+ Kd6 40.
Kb4 fxg4 41. fxg4 Kc7 42. a5 Kb7 43. axb6 Kxb6 44. Kc4 Ka5 45. Kc5 Ka4 46. b6
Kb3 47. b7 Kc3 48. b8=Q Kd3 49. Qxe5 1-0

[Event "Plzen, FSB A"]
[Site "?"]
[Date "2004.??.??"]
[Round "5.53"]
[White "Hava, P."]
[Black "Steinhauser, F."]
[Result "1/2-1/2"]
[WhiteElo "1770"]
[BlackElo "1775"]
[PlyCount "89"]
[EventDate "2004.??.??"]
[Source "ChessBase"]
[SourceDate "1996.11.15"]

1. e4 c5 2. Nc3 e6 3. f4 Ne7 4. Nf3 g6 5. g3 b6 6. Bg2 Bb7 7. d3 Bg7 8. O-O O-O
9. Qe2 d5 10. e5 Nbc6 11. Nb5 Nc8 12. c4 a6 13. Nc3 N8e7 14. Qf2 f6 15. exf6
Bxf6 16. Qe2 Nd4 17. Nxd4 Bxd4+ 18. Be3 e5 19. Bxd4 exd4 20. Qe6+ Kg7 21. Nxd5
Nxd5 22. Bxd5 Bxd5 23. Qe5+ Kg8 24. Qxd5+ Qxd5 25. cxd5 Rad8 26. Rfe1 Rf6 27.
Re7 Rxd5 28. Rae1 Rdd6 29. Ra7 b5 30. Re8+ Rf8 31. Ree7 Rfd8 32. Rg7+ Kh8 33.
Rxh7+ Kg8 34. Rhg7+ Kf8 35. Rgc7 Kg8 36. Rg7+ Kf8 37. Rgf7+ Kg8 38. Kf2 c4 39.
Ke2 c3 40. bxc3 dxc3 41. Rg7+ Kf8 42. Rgc7 Kg8 43. Rg7+ Kh8 44. Rh7+ Kg8 45.
Rhg7+ 1/2-1/2

[Event "Plzen, FSB A"]
[Site "?"]
[Date "2004.??.??"]
[Round "5.54"]
[White "Bonetti, C."]
[Black "Woudstra, W."]
[Result "0-1"]
[WhiteElo "2032"]
[BlackElo "1781"]
[PlyCount "61"]
[EventDate "2004.??.??"]
[Source "ChessBase"]
[SourceDate "1996.11.15"]

1. e4 c5 2. Nf3 Nc6 3. Bb5 d6 4. O-O Bd7 5. c4 g6 6. Nc3 Bg7 7. Bxc6 Bxc6 8.
Re1 e5 9. d3 Ne7 10. a3 a5 11. Nd5 O-O 12. Bg5 f6 13. Bd2 Nxd5 14. cxd5 Bd7 15.
a4 f5 16. Bc3 fxe4 17. dxe4 Bg4 18. Ra3 Bxf3 19. gxf3 Qh4 20. Bd2 Bh6 21. Bxh6
Qxh6 22. Ree3 Rf4 23. Reb3 Rh4 24. Kf1 Rxh2 25. Ke2 c4 26. Rb6 Qh4 27. Qg1 Rf8
28. Rxd6 g5 29. Re6 g4 30. Rxe5 g3 31. Ke1 0-1

[Event "Plzen, FSB A"]
[Site "?"]
[Date "2004.??.??"]
[Round "6.1"]
[White "Berescu, A."]
[Black "Plischki, S."]
[Result "1-0"]
[WhiteElo "2404"]
[BlackElo "2325"]
[PlyCount "47"]
[EventDate "2004.??.??"]
[Source "ChessBase"]
[SourceDate "1996.11.15"]

1. e4 c5 2. Nf3 d6 3. d4 cxd4 4. Nxd4 Nf6 5. Nc3 Nc6 6. Bg5 e6 7. Qd2 a6 8.
O-O-O h6 9. Nxc6 bxc6 10. Bf4 d5 11. Qe3 Be7 12. Be2 O-O 13. h4 Nh7 14. Na4 Bd6
15. Bxd6 Qxd6 16. e5 Qe7 17. f4 f6 18. g4 Qa7 19. Nc5 Qb6 20. Qd4 Ra7 21. Bd3
fxe5 22. fxe5 Raf7 23. Bxh7+ Kxh7 24. Nxe6 1-0

[Event "Plzen, FSB A"]
[Site "?"]
[Date "2004.??.??"]
[Round "6.2"]
[White "Hagarova, Z."]
[Black "Fiala, R."]
[Result "1/2-1/2"]
[WhiteElo "2330"]
[BlackElo "2324"]
[PlyCount "101"]
[EventDate "2004.??.??"]
[Source "ChessBase"]
[SourceDate "1996.11.15"]

1. e4 e5 2. Nf3 Nc6 3. Bb5 a6 4. Ba4 Nge7 5. c3 Ng6 6. d4 d6 7. h4 h5 8. d5 b5
9. Bc2 Nce7 10. a4 Bd7 11. Qe2 Rb8 12. Bd3 c6 13. dxc6 Bxc6 14. axb5 axb5 15.
Na3 Qd7 16. Bd2 Nc8 17. c4 bxc4 18. Nxc4 Be7 19. g3 Bd8 20. Rc1 f6 21. Bc3 Nge7
22. Rd1 Qb7 23. O-O Bc7 24. Rfe1 Na7 25. Ba5 Nb5 26. Bc2 Rd8 27. Ba4 Kf7 28.
Bxc7 Qxc7 29. Bxb5 Bxb5 30. Ncxe5+ dxe5 31. Qxb5 Rxd1 32. Rxd1 Qc2 33. Rd7 Re8
34. Qb7 Kf8 35. b4 Qc6 36. b5 Qxb7 37. Rxb7 Nc8 38. Rd7 Re7 39. Rd8+ Re8 40.
Rd7 Re7 41. Rd5 Ke8 42. Nd2 Rc7 43. Kf1 Ke7 44. Ke2 Nb6 45. Rd3 Rc5 46. Rb3 Kd6
47. Rb4 Rc2 48. Kd3 Ra2 49. Nc4+ Kc5 50. Rb2 Rxb2 51. Nxb2 1/2-1/2

[Event "Plzen, FSB A"]
[Site "?"]
[Date "2004.??.??"]
[Round "6.3"]
[White "Gajewski, G."]
[Black "Grunberg, M."]
[Result "1/2-1/2"]
[WhiteElo "2439"]
[BlackElo "2403"]
[PlyCount "99"]
[EventDate "2004.??.??"]
[Source "ChessBase"]
[SourceDate "1996.11.15"]

1. Nf3 d5 2. d4 c6 3. c4 Nf6 4. e3 e6 5. Bd3 Nbd7 6. Nbd2 Be7 7. O-O O-O 8. e4
dxe4 9. Nxe4 Nxe4 10. Bxe4 Nf6 11. Bc2 c5 12. Be3 Qc7 13. dxc5 Bxc5 14. Bxc5
Qxc5 15. Qd4 b6 16. Qxc5 bxc5 17. Ne5 Bb7 18. Rfd1 Rfd8 19. f3 Kf8 20. Ba4 Rac8
21. a3 Ke7 22. b4 Rxd1+ 23. Rxd1 Rc7 24. Kf2 g5 25. g4 h6 26. Kg3 cxb4 27. axb4
Nh7 28. Bc2 Nf8 29. Ra1 a6 30. c5 Nd7 31. Nc4 Bd5 32. Ne3 Bb7 33. Bd3 Nb8 34.
Nc4 Nc6 35. Ra4 Nd4 36. Nd6 Bxf3 37. Bxa6 Be2 38. Bc4 Bxc4 39. Nxc4 f5 40. Nd6
f4+ 41. Kf2 e5 42. Nf5+ Ke6 43. Ra6+ Kd5 44. Rxh6 Kc4 45. Rg6 Kxb4 46. Nxd4
exd4 47. Rxg5 d3 48. Rd5 Kc4 49. Rd8 Rxc5 50. h4 1/2-1/2

[Event "Plzen, FSB A"]
[Site "?"]
[Date "2004.??.??"]
[Round "6.4"]
[White "Neuman, P."]
[Black "Novak, P."]
[Result "1/2-1/2"]
[WhiteElo "2428"]
[BlackElo "2323"]
[PlyCount "110"]
[EventDate "2004.??.??"]
[Source "ChessBase"]
[SourceDate "1996.11.15"]

1. d4 d5 2. c4 c6 3. Nc3 Nf6 4. e3 e6 5. Nf3 Nbd7 6. Bd3 dxc4 7. Bxc4 b5 8. Bd3
b4 9. Ne4 Be7 10. Qc2 Bb7 11. O-O O-O 12. Nxf6+ Nxf6 13. e4 h6 14. Qe2 c5 15.
dxc5 Bxc5 16. e5 Nd7 17. Bf4 Qa5 18. Rac1 Rfd8 19. Rfd1 Be7 20. Bb1 Nf8 21. Nd2
Rac8 22. Rxc8 Bxc8 23. Nc4 Rxd1+ 24. Qxd1 Qc5 25. b3 Bb7 26. Be3 Qc6 27. f3 Bc5
28. Kf2 Nd7 29. Be4 Bxe3+ 30. Kxe3 Qc7 31. Qd6 Qc8 32. Qxb4 Bxe4 33. Kxe4 Qc6+
34. Ke3 Nb6 35. Nxb6 Qc1+ 36. Ke2 Qb2+ 37. Kd3 axb6 38. Qxb6 Qxa2 39. Qb5 g6
40. Kd4 Qxg2 41. Qd3 Qxh2 42. Qe3 h5 43. b4 h4 44. b5 h3 45. b6 Qb2+ 46. Kc5 h2
47. Qh6 Qxe5+ 48. Kc6 Qc3+ 49. Kd7 Qd4+ 50. Ke8 Qa4+ 51. Ke7 Qb4+ 52. Kf6 Qd4+
53. Ke7 Qc5+ 54. Kf6 Qd4+ 55. Ke7 Qc5+ 1/2-1/2

[Event "Plzen, FSB A"]
[Site "?"]
[Date "2004.??.??"]
[Round "6.5"]
[White "Cifka, S."]
[Black "Zawadzki, S."]
[Result "0-1"]
[WhiteElo "2302"]
[BlackElo "2428"]
[PlyCount "104"]
[EventDate "2004.??.??"]
[Source "ChessBase"]
[SourceDate "1996.11.15"]

1. d4 d5 2. c4 c6 3. Nf3 Nf6 4. cxd5 cxd5 5. Nc3 Nc6 6. Bf4 Bf5 7. e3 e6 8. Bb5
Nd7 9. Qa4 Rc8 10. O-O a6 11. Bxc6 Rxc6 12. Rfc1 Be7 13. Ne2 Bd3 14. Rxc6 bxc6
15. Nc3 Qb6 16. Qb3 f6 17. Nxd5 Qxb3 18. Nc7+ Kf7 19. axb3 Rb8 20. Ne1 Be2 21.
Rc1 Rxb3 22. Rc2 Bb5 23. Nxb5 axb5 24. Kf1 c5 25. Nf3 c4 26. Bc7 Rb4 27. e4 Ra4
28. d5 e5 29. Nd2 Bb4 30. Ke2 Ra7 31. d6 Ra2 32. Kd1 Ke6 33. b3 Ra1+ 34. Rc1
Rxc1+ 35. Kxc1 Bxd2+ 36. Kxd2 cxb3 37. Kc3 Nc5 38. f3 b2 39. Kxb2 Nd3+ 40. Kc3
Ne1 41. f4 exf4 42. d7 Kxd7 43. Bxf4 Nxg2 44. Bg3 Ke6 45. Kb4 Ne3 46. Kxb5 Nf1
47. Bb8 Nd2 48. Kc5 Nxe4+ 49. Kd4 Kf5 50. Ke3 Ng5 51. Kf2 Kg4 52. Kg2 f5 0-1

[Event "Plzen, FSB A"]
[Site "?"]
[Date "2004.??.??"]
[Round "6.6"]
[White "Cvek, R."]
[Black "Studnicka, T."]
[Result "1-0"]
[WhiteElo "2461"]
[BlackElo "2302"]
[PlyCount "65"]
[EventDate "2004.??.??"]
[Source "ChessBase"]
[SourceDate "1996.11.15"]

1. b3 e5 2. Bb2 Nc6 3. c4 Nf6 4. a3 g6 5. g3 Bg7 6. Bg2 d5 7. cxd5 Nxd5 8. e3
O-O 9. Ne2 Be6 10. Nbc3 f5 11. O-O Qd7 12. b4 e4 13. Na4 Ne5 14. Nc5 Qc8 15. d3
Rd8 16. Nd4 Bf7 17. dxe4 fxe4 18. Qc2 a5 19. b5 Nf3+ 20. Bxf3 exf3 21. Nxf3
Bxb2 22. Qxb2 Qf5 23. Ne5 Ne7 24. e4 Qf6 25. Nxb7 Re8 26. Nc5 Nc8 27. Ncd7 Qg7
28. Rac1 Be6 29. Rxc7 Bxd7 30. Qb3+ Kh8 31. Nf7+ Kg8 32. Rxd7 Kf8 33. Qf3 1-0

[Event "Plzen, FSB A"]
[Site "?"]
[Date "2004.??.??"]
[Round "6.7"]
[White "Heinzel, O."]
[Black "Zawadzka, J."]
[Result "1-0"]
[WhiteElo "2402"]
[BlackElo "2272"]
[PlyCount "99"]
[EventDate "2004.??.??"]
[Source "ChessBase"]
[SourceDate "1996.11.15"]

1. c4 Nf6 2. g3 g6 3. Bg2 Bg7 4. Nc3 O-O 5. e3 d6 6. Nge2 c5 7. O-O Nc6 8. d4
Bg4 9. h3 Bd7 10. b3 cxd4 11. exd4 Qa5 12. Be3 Rac8 13. Qd2 Rfd8 14. a3 a6 15.
b4 Qc7 16. g4 e6 17. Rac1 Be8 18. Bf4 Qe7 19. Rfe1 Nd7 20. Ne4 e5 21. Bg5 f6
22. Bh4 Bf7 23. dxe5 Ndxe5 24. g5 fxg5 25. Bxg5 Qd7 26. Bxd8 Rxd8 27. c5 Nc4
28. Rxc4 Bxc4 29. Nxd6 Be5 30. Rd1 Bb3 31. Bd5+ Kg7 32. Bxc6 Qxh3 33. f4 Bxd6
34. Qb2+ Kh6 35. Rxd6 Rxd6 36. cxd6 bxc6 37. Qf6 Bd5 38. Kf2 Qf3+ 39. Ke1 Bc4
40. Qh4+ Kg7 41. Qe7+ Kh6 42. d7 Qh1+ 43. Kd2 Qd5+ 44. Kc1 Qh1+ 45. Kb2 Qd1 46.
d8=R Qb3+ 47. Kc1 Qxa3+ 48. Kd2 Qb2+ 49. Ke1 Qb1+ 50. Kf2 1-0

[Event "Plzen, FSB A"]
[Site "?"]
[Date "2004.??.??"]
[Round "6.8"]
[White "Cernousek, L."]
[Black "Wiesinger, R."]
[Result "1-0"]
[WhiteElo "2378"]
[BlackElo "2265"]
[PlyCount "57"]
[EventDate "2004.??.??"]
[Source "ChessBase"]
[SourceDate "1996.11.15"]

1. e4 e5 2. Nf3 Nc6 3. Bb5 a6 4. Ba4 Nf6 5. O-O Be7 6. Re1 b5 7. Bb3 d6 8. c3
O-O 9. d4 Bg4 10. d5 Na5 11. Bc2 c6 12. h3 Bd7 13. Nxe5 dxe5 14. d6 h6 15. a4
Be6 16. dxe7 Qxe7 17. Nd2 b4 18. Qf3 b3 19. Bd3 Nd7 20. Nf1 Nc5 21. Be2 Nc4 22.
Ng3 Rfe8 23. Nh5 Kh7 24. Bxc4 Bxc4 25. Qf5+ Kh8 26. Bxh6 gxh6 27. Nf6 Kg7 28.
Qh7+ Kxf6 29. Qxh6# 1-0

[Event "Plzen, FSB A"]
[Site "?"]
[Date "2004.??.??"]
[Round "6.9"]
[White "Jaros, M."]
[Black "Michalek, J."]
[Result "0-1"]
[WhiteElo "2169"]
[BlackElo "2377"]
[PlyCount "60"]
[EventDate "2004.??.??"]
[Source "ChessBase"]
[SourceDate "1996.11.15"]

1. e4 e5 2. Nf3 Nc6 3. Bb5 a6 4. Ba4 Nf6 5. O-O Be7 6. Bxc6 bxc6 7. Nxe5 Nxe4
8. Re1 Nf6 9. Qe2 c5 10. d4 O-O 11. dxc5 Bxc5 12. Bg5 h6 13. Bh4 Bb7 14. Nc3 g5
15. Bg3 d6 16. Rad1 Qc8 17. Qc4 Kg7 18. Nd3 Bb6 19. Nb4 Re8 20. Nbd5 Nxd5 21.
Nxd5 Bxd5 22. Qxd5 Qg4 23. Qd3 Qb4 24. Rxe8 Rxe8 25. b3 Re1+ 26. Rxe1 Qxe1+ 27.
Qf1 Qc3 28. Qxa6 f5 29. Bxd6 Qe1+ 30. Qf1 Bxf2+ 0-1

[Event "Plzen, FSB A"]
[Site "?"]
[Date "2004.??.??"]
[Round "6.10"]
[White "Sikora-Lerch, J."]
[Black "Ionica, I."]
[Result "1/2-1/2"]
[WhiteElo "2320"]
[BlackElo "2264"]
[PlyCount "139"]
[EventDate "2004.??.??"]
[Source "ChessBase"]
[SourceDate "1996.11.15"]

1. a3 e5 2. d4 exd4 3. Nf3 d5 4. Nxd4 c5 5. Nb3 Nc6 6. e4 Nf6 7. exd5 Qxd5 8.
Qe2+ Qe6 9. Nc3 c4 10. Nb5 Qxe2+ 11. Bxe2 cxb3 12. Nc7+ Kd8 13. Nxa8 Nd4 14.
Bd3 bxc2 15. Be3 Nb3 16. O-O Nxa1 17. Rxa1 b6 18. Bxc2 Bd6 19. Nxb6 axb6 20.
Bxb6+ Ke7 21. Bd4 Be6 22. h3 Rc8 23. Bd3 Bc5 24. Bxc5+ Rxc5 25. a4 Nd5 26. a5
Nb4 27. Be4 Bc8 28. Ra4 Rc4 29. Bf3 Kd6 30. Be2 Rc1+ 31. Kh2 Rc2 32. Rxb4 Rxe2
33. a6 Re7 34. Rb8 Be6 35. b4 Ra7 36. b5 Kc7 37. Rh8 Bc4 38. Rxh7 g6 39. h4 Kb6
40. h5 gxh5 41. Rxh5 Bxb5 42. Rh6+ Kc5 43. Rf6 Bxa6 44. Kg3 Bc4 45. Kf4 Be6 46.
Ke5 Ra2 47. Rf4 Re2+ 48. Kf6 Bd5 49. Rf5 Kd6 50. g3 Re8 51. f4 Rh8 52. Kg7 Rh3
53. g4 Be6 54. Rf6 Rg3 55. g5 Rg4 56. g6 fxg6 57. Rxg6 Rxf4 58. Rg3 Ke7 59. Kg6
Rf8 60. Kg5 Rf5+ 61. Kg6 Rf8 62. Kg5 Kd6 63. Re3 Kd5 64. Re1 Bf5 65. Ra1 Be4
66. Ra5+ Kd4 67. Ra7 Rf5+ 68. Kg4 Rf8 69. Kg5 Rf5+ 70. Kg4 1/2-1/2

[Event "Plzen, FSB A"]
[Site "?"]
[Date "2004.??.??"]
[Round "6.11"]
[White "Bensch, P."]
[Black "Petr, M."]
[Result "1/2-1/2"]
[WhiteElo "2288"]
[BlackElo "2307"]
[PlyCount "72"]
[EventDate "2004.??.??"]
[Source "ChessBase"]
[SourceDate "1996.11.15"]

1. e4 e6 2. d4 d5 3. Nc3 Nf6 4. Bg5 Bb4 5. e5 h6 6. Bd2 Bxc3 7. bxc3 Ne4 8. Qg4
g6 9. h4 c5 10. Bd3 Nxd2 11. Kxd2 Nc6 12. Qf4 cxd4 13. cxd4 Qa5+ 14. Ke3 b6 15.
Ne2 Ba6 16. h5 g5 17. Qf6 Rg8 18. Qxh6 Qa3 19. Qh7 Ne7 20. c3 Kd7 21. g4 Rh8
22. Qg7 Rag8 23. Qf6 Bxd3 24. Kxd3 Rf8 25. Ke3 Nc6 26. f3 Na5 27. Kf2 Nc4 28.
Rhb1 Nd2 29. Rb4 Qa6 30. a4 Qd3 31. a5 b5 32. a6 Nc4 33. Ra2 Ne3 34. Ke1 Qd1+
35. Kf2 Qd3 36. Ke1 Qd1+ 1/2-1/2

[Event "Plzen, FSB A"]
[Site "?"]
[Date "2004.??.??"]
[Round "6.12"]
[White "Folk, P."]
[Black "Zeleny, T."]
[Result "1-0"]
[WhiteElo "2245"]
[BlackElo "2254"]
[PlyCount "29"]
[EventDate "2004.??.??"]
[Source "ChessBase"]
[SourceDate "1996.11.15"]

1. e4 c5 2. Nf3 e6 3. d4 cxd4 4. Nxd4 a6 5. Nc3 b5 6. Bd3 Qb6 7. Be3 Bc5 8. Be2
Bb7 9. a4 Nc6 10. a5 Qc7 11. Ndxb5 axb5 12. Bxc5 Nxa5 13. Bd6 Qb6 14. Nxb5 Rc8
15. Ba3 1-0

[Event "Plzen, FSB A"]
[Site "?"]
[Date "2004.??.??"]
[Round "6.13"]
[White "Pokrupa, M."]
[Black "Jurek, J."]
[Result "0-1"]
[WhiteElo "2122"]
[BlackElo "2387"]
[PlyCount "50"]
[EventDate "2004.??.??"]
[Source "ChessBase"]
[SourceDate "1996.11.15"]

1. e4 e6 2. d4 d5 3. Nc3 Bb4 4. e5 c5 5. a3 Bxc3+ 6. bxc3 Ne7 7. Qg4 O-O 8. Bd3
Nbc6 9. Nf3 f5 10. Qh3 Qb6 11. Rg1 cxd4 12. g4 Qc7 13. gxf5 Nxe5 14. Rxg7+ Kxg7
15. Qg3+ N7g6 16. Kf1 Rxf5 17. Bxf5 exf5 18. Nxd4 Bd7 19. Bf4 Kf7 20. Re1 Re8
21. Kg2 Qd6 22. Nf3 Nxf3 23. Rxe8 Qxf4 24. Ra8 Ngh4+ 25. Kh3 Ng5+ 0-1

[Event "Plzen, FSB A"]
[Site "?"]
[Date "2004.??.??"]
[Round "6.14"]
[White "Hlavac, R."]
[Black "Rehorek, M."]
[Result "1/2-1/2"]
[WhiteElo "2165"]
[BlackElo "2300"]
[PlyCount "130"]
[EventDate "2004.??.??"]
[Source "ChessBase"]
[SourceDate "1996.11.15"]

1. e4 c5 2. Nf3 e6 3. d4 cxd4 4. Nxd4 Nc6 5. Nb5 d6 6. c4 a6 7. Nd4 Nf6 8. Nc3
Be7 9. Be2 O-O 10. O-O Bd7 11. Be3 Nxd4 12. Bxd4 Bc6 13. f3 Rc8 14. Qd2 Qc7 15.
Rfd1 Qb8 16. a4 b6 17. Kh1 Nd7 18. b3 Rfd8 19. Rac1 Nc5 20. Qb2 Bf8 21. Bf1 Qb7
22. Rb1 Ra8 23. Qf2 a5 24. Bd3 Rac8 25. Bc2 h6 26. Qg3 Nd7 27. Be3 Kh8 28. Rd2
Nf6 29. Qf2 Rb8 30. e5 Ne8 31. Rbd1 Be7 32. exd6 Rxd6 33. Ne4 Rxd2 34. Rxd2 f5
35. Ng3 Qc7 36. Ne2 Nf6 37. Rd1 Bd7 38. Nf4 Kh7 39. Qg3 Rd8 40. Nh5 Qxg3 41.
Nxf6+ gxf6 42. hxg3 Bc5 43. Bxc5 bxc5 44. g4 Kg6 45. gxf5+ exf5 46. g4 Re8 47.
Rxd7 Re1+ 48. Kg2 Re2+ 49. Kg3 Rxc2 50. gxf5+ Kg5 51. Rg7+ Kh5 52. Rc7 Rc3 53.
Rxc5 Rxb3 54. Rxa5 Rb4 55. c5 Rc4 56. Ra6 Rxc5 57. Rxf6 Ra5 58. Re6 Rxa4 59. f6
Kg6 60. f7+ Kxf7 61. Rxh6 Rb4 62. Ra6 Rc4 63. f4 Rb4 64. Kg4 Rb5 65. f5 Rb1
1/2-1/2

[Event "Plzen, FSB A"]
[Site "?"]
[Date "2004.??.??"]
[Round "6.15"]
[White "Reitinger, P."]
[Black "Gross, S."]
[Result "1-0"]
[WhiteElo "2090"]
[BlackElo "2294"]
[PlyCount "63"]
[EventDate "2004.??.??"]
[Source "ChessBase"]
[SourceDate "1996.11.15"]

1. e4 c5 2. Nf3 d6 3. d4 cxd4 4. Qxd4 Bd7 5. Be3 Nc6 6. Qd3 g6 7. c4 Nf6 8. h3
Bg7 9. Nc3 a6 10. Be2 Qa5 11. O-O O-O 12. a3 Rfc8 13. b4 Qd8 14. Rac1 Be6 15.
Nd5 Nd7 16. Rfd1 a5 17. b5 Nce5 18. Nxe5 Nxe5 19. Qb3 Bxd5 20. cxd5 Rxc1 21.
Rxc1 Nd7 22. b6 Rc8 23. Rxc8 Qxc8 24. Qc4 Nc5 25. f4 Bb2 26. a4 Ba3 27. Bd2 Qd7
28. Bd1 Qd8 29. Bxa5 Nd7 30. Qc7 Bc5+ 31. Kh2 Qa8 32. Bc3 1-0

[Event "Plzen, FSB A"]
[Site "?"]
[Date "2004.??.??"]
[Round "6.16"]
[White "Franchini, G."]
[Black "Toman, Jar"]
[Result "0-1"]
[WhiteElo "2215"]
[BlackElo "2145"]
[PlyCount "74"]
[EventDate "2004.??.??"]
[Source "ChessBase"]
[SourceDate "1996.11.15"]

1. d4 d6 2. e4 Nf6 3. Nc3 g6 4. f3 c6 5. Be3 Bg7 6. Qd2 b5 7. a4 b4 8. Na2 a5
9. Nc1 Qc7 10. Bh6 O-O 11. h4 Re8 12. Bxg7 Kxg7 13. h5 c5 14. hxg6 fxg6 15.
Qh6+ Kg8 16. Bc4+ e6 17. Nce2 cxd4 18. Bb5 Rf8 19. Nxd4 d5 20. O-O-O e5 21. Qh2
dxe4 22. Nh3 exf3 23. Nxf3 Bf5 24. Nd4 Rc8 25. g4 Nxg4 26. Nxf5 Nxh2 27. Nh6+
Kg7 28. Rxh2 e4 29. Rdh1 Nc6 30. Kb1 Qg3 31. Nf2 Nd4 32. Nxe4 Qf3 33. Nf5+ Kf8
34. Nfd6 Rxc2 35. Rxh7 Rxb2+ 36. Kxb2 Qa3+ 37. Kb1 Qb3+ 0-1

[Event "Plzen, FSB A"]
[Site "?"]
[Date "2004.??.??"]
[Round "6.17"]
[White "Tuma, J."]
[Black "Havlik, J."]
[Result "1/2-1/2"]
[WhiteElo "2192"]
[BlackElo "2136"]
[PlyCount "50"]
[EventDate "2004.??.??"]
[Source "ChessBase"]
[SourceDate "1996.11.15"]

1. d4 Nf6 2. Nf3 g6 3. b3 Bg7 4. Bb2 d5 5. e3 O-O 6. Bd3 b6 7. O-O Bb7 8. Ne5
e6 9. f4 Nbd7 10. Nd2 c5 11. Qf3 Qc7 12. Qh3 Ne4 13. Bxe4 dxe4 14. Ndc4 f5 15.
Rad1 Nxe5 16. dxe5 Ba6 17. Rd6 Bxc4 18. bxc4 Rfd8 19. Rfd1 Bf8 20. Qh4 Bxd6 21.
exd6 Rxd6 22. Rxd6 Qxd6 23. Qf6 Qd1+ 24. Kf2 Qd2+ 25. Kf1 Qd1+ 1/2-1/2

[Event "Plzen, FSB A"]
[Site "?"]
[Date "2004.??.??"]
[Round "6.18"]
[White "Kriz, L."]
[Black "Purnoch, J."]
[Result "0-1"]
[WhiteElo "2072"]
[BlackElo "2184"]
[PlyCount "66"]
[EventDate "2004.??.??"]
[Source "ChessBase"]
[SourceDate "1996.11.15"]

1. e4 c5 2. Nf3 d6 3. d4 cxd4 4. Nxd4 Nf6 5. Nc3 a6 6. Bd3 Nc6 7. Nxc6 bxc6 8.
O-O e6 9. f4 Qc7 10. Kh1 Be7 11. Rf3 O-O 12. Qe2 Nd7 13. Rh3 e5 14. f5 Rd8 15.
Be3 Nf8 16. Rf1 d5 17. Qg4 Bf6 18. Bc5 Rb8 19. Bxf8 Kxf8 20. Rxh7 Rxb2 21. h4
Qd6 22. Rf3 Ke7 23. h5 Rf8 24. Rh3 Qb4 25. Bf1 Rxc2 26. h6 Rxc3 27. hxg7 Rxh3+
28. Qxh3 Rg8 29. Rh6 Bxg7 30. Rxc6 Rh8 31. f6+ Bxf6 32. Rxc8 Rxh3+ 33. gxh3
Qxe4+ 0-1